00381pab a2200133 454500008004000000100002300040245008100063260000900144300001300153362000800166650002900174700001800203773002600221180718b2003 xxu||||| |||| 00| 0 eng d aPlahe, Jagjit Kaur aThe WTO and patenting of life forms: policy options for developing countries c2003 ap.29-45. aFeb aWorld Trade Organization aNyland, Chris aThird World Quarterly